Lähi-idän pääkaupungit - Statistics

Yleistilastot
  • Tätä visaa on pelattu 1 215 kertaa
  • Keskiarvotulos 11 / 16
Vastaukset kartalla
Vastauksille on annettu kartalla punavihreä väri sen mukaan, kuinka moni on saanut sen oikein.
 
Vastaustilastot
Valtio Pääkaupunki % Oikein
Turkki Ankara
97%
Egypti Kairo
95%
Israel | Palestiina Jerusalem
91%
Iran Teheran
82%
Irak Bagdad
78%
Yhdistyneet arabiemiraatit Abu Dhabi
75%
Kuwait Kuwait
73%
Kypros Nikosia
73%
Saudi-Arabia Riad
73%
Qatar Doha
71%
Libanon Beirut
66%
Syyria Damaskos
66%
Jordania Amman
62%
Jemen Sanaa
55%
Oman Masqat
44%
Bahrain Manama
40%
Ehtoja vastaavia visoja ei löytynyt
Tulosjakauma
Jokaisen tuloksen saaneiden osuus
Persentiili vastausten määrän mukaan
Tuloshistoriasi
Et ole pelannut tätä visaa